|
|
|
|
| LEADER |
00000nas a22000007a 4500 |
| 005 |
20111213135857.0 |
| 007 |
cr|||| |||| |
| 008 |
111213s20089999cl b||| s|||| 0|||b1spa d |
| 022 |
|
|
|a 0718-543X
|
| 035 |
|
|
|a 6090
|
| 040 |
|
|
|a vLex
|
| 090 |
|
|
|c 2828
|d 2828
|
| 245 |
0 |
0 |
|a Revista de Derecho Fundamentales
|h [Recurso electrn̤ico]
|
| 256 |
|
|
|a Servicio en ln̕ea
|
| 260 |
|
|
|a [Chile] :
|b Universidad Vią del Mar,
|c 2008 -
|
| 300 |
|
|
|a 1 recurso electrn̤ico
|
| 310 |
|
|
|a Bimestral
|
| 362 |
|
|
|a Nm︢. 1 (2008) -
|
| 506 |
1 |
|
|a Contenido solo disponible en los productos indicados
|d vLex Global
|d vLex Global (Academic Edition, excluding Law Schools)
|d vLex Global (U.S. Academic Edition, Law Schools)
|d vLex Global (U.S. Academic Edition, excluding Law Schools)
|d vLex Global (Academic Edition, Law Schools)
|
| 650 |
|
|
|a Drets civils
|v Revistas
|
| 740 |
0 |
|
|a vLex Libros (Servicio en ln̕ea)
|
| 856 |
4 |
0 |
|u http://vlex.com/source/6090
|z Acceso restringido
|
| 942 |
|
|
|c REV
|
| 999 |
0 |
|
|a Civil rights
|